000
00332 a2200157 4500
001
193073
020
_a
978-85-329-0826-1
040
_c
Magnum
100
_a
Mota, Marcos
240
1
0
_a
O enigma dos dados
_l
por
245
1
0
_a
O enigma dos dados
300
_a
176
362
0
_a
2017
697
_a
LITERATURA JUVENIL
942
_c
BK
999
_c
193073
_d
193073